Normal view
MARC view
- May, E. S
Entry Personal Name
001 - CONTROL NUMBER
- control field: 49730
003 - CONTROL NUMBER IDENTIFIER
- control field: NUST
005 - DATE AND TIME OF LATEST TRANSACTION
- control field: 20210314134426.0
008 - FIXED-LENGTH DATA ELEMENTS
- fixed length control field: 210314|| aca||aabn | a|a d
040 ## - CATALOGING SOURCE
- Original cataloging agency: NUST
- Transcribing agency: NUST
100 ## - HEADING--PERSONAL NAME
- Personal name: May, E. S
670 ## - SOURCE DATA FOUND
- Source citation: Work cat.: (NUST): May, E. S., Principles and problems of imperial defence, 1903.
